000 00502nam a2200241Ia 4500
001 072284
003 YMCAF
005 20230512160754.0
008 100717s9999 ||||||||||||||||| ||und|d
020 _a-
024 _a72284
035 _a11747
040 _aYMCAF
_beng
_cIN-KoLT
041 _aeng
082 _a005.133FOR
_bRAJ
100 _aRAJA RAMAN
245 0 _aCOMPUTERS PROGRAMMING IN FORTRAN 77
250 _a-
260 _bTMH
_c-
653 _a-
653 _a-
942 _2ddc
_cBK
999 _c6325
_d6325